000 00320nam a22001337a 4500
008 170906b xxu||||| |||| 00| 0 eng d
020 _a9780071608626
041 _aeng
080 _a72
100 _a41
101 _aARK
245 _aTO BUILD NEW YORK 1000YEARS OF INFRASTRUCTURE
_cMANN.R.S
942 _2udc
_cBK
999 _c26229
_d26229